000
00247nam a2200097Ia 4500
001
720009
005
20250826163223.0
008
250824s9999 xx 000 0 und d
245
0
_a
NEFS_İ MUTMAİNNE
_c
HÜSEYİN DESTGAYB
260
_b
İNSAN YAYINLARI
999
_c
720009
_d
720009